| 000 | 00532 a2200169 4500 | ||
|---|---|---|---|
| 020 | _a9780471717256 | ||
| 020 | _a9780471717256 | ||
| 082 | 0 | 4 | _a530.11 |
| 090 |
_c140 _d140 |
||
| 100 | 1 | _aResnick, Robert. | |
| 245 | 1 | 0 |
_aIntroduction to special relativity / _cRobert Resnick. |
| 250 | _a1st ed. | ||
| 260 |
_a[S.l.] : _bWiley, _c1968. |
||
| 300 |
_a248 p. ; _c23 cm. |
||
| 942 |
_aSNS _cBK _k530.11 RES |
||
| 999 |
_c28778 _d28778 |
||